000 00516nam a2200169Ia 4500
008 110201s9999 xx 000 0 und d
082 _bB5445
_aKS 851
100 _aतेंडुलकर प्रिया
245 _aअसंही
260 _bडिंपल पब्लिकेशन
365 _b90
600 _aतेंडुलकर प्रिया
630 _aअसंही
700 _aतेंडुलकर प्रिया
730 _aअसंही
942 _cBOOK
999 _c831284
_d831281